000 00879nas a2200253 454500
001 28356
005 20260407193507.0
008 260407s1966####ag###########|||spa#d
003 AR-UNSa-BCEJYS
040 _aAR-UNSa-BCEJYS
_bspa
_cAR-UNSa-BCEJYS
080 _a331.5
_xMercado de Trabajo. Empleo
245 1 0 _aBoletín
264 1 _aGinebra :
_bInstituto Internacional de Estudios Laborales
_c1966
310 _aFrecuencia: Irregular
942 _cSER
590 _aniveau_biblio:s niveau_hierar:1
100 1 _aInstituto Internacional de Estudios Laborales (IIEL)
650 _aRecursos humanos
650 _aTrabajo
650 _aPolítica laboral
650 _aMercado de trabajo
650 _aRelaciones laborales
856 4 1 _uhttps://biblioeco.unsa.edu.ar/pmb/images/revistas/Instituto Internacional de Estudios Laborales 1972-r13726.jpg
_yImagen de portada
_qimage/jpeg
999 _c8646
_d8646